Freezing points (Record no. 72057)

MARC details
000 -LEADER
fixed length control field 01880cam a2200265 4500
001 - CONTROL NUMBER
control field ABS66319
008 - FIXED-LENGTH DATA ELEMENTS--GENERAL INFORMATION
fixed length control field 030205n2003 000 0 eng u
035 ## - SYSTEM CONTROL NUMBER
System control number (Sirsi) u121245
100 ## - MAIN ENTRY--PERSONAL NAME
Personal name Bingham, T.
245 ## - TITLE STATEMENT
Title Freezing points
260 ## - PUBLICATION, DISTRIBUTION, ETC.
Date of publication, distribution, etc. 2003
490 ## - SERIES STATEMENT
Series statement Building
Volume/sequential designation 268 (8265) 24 January 2003, 47(1)
490 ## - SERIES STATEMENT
Series statement Contract Journal
Volume/sequential designation 417(6415) 26 February 2003, 27(1)
490 ## - SERIES STATEMENT
Series statement Construction Industry Law Letter
Volume/sequential designation March 2003, 1949-1951(3)
520 ## - SUMMARY, ETC.
Summary, etc. Considers the important issues raised in "Baldwins Industrial Services v Barr Ltd". Baldwins called in the adjudicator when Barr refused to pay £150 000 to repair a jiggered crane. Baldwins went into receivership just before enforcement proceedings were heard. Discusses the scope a court has to order an adjudicator's award to a firm in financial difficulties to be paid into court. This is the first case where a court has pronounced on whether a plant-hire contract is a construction contract, as defined in the Housing Grants, Construction and Regeneartion Act 1996. Also considers the willingness of judges to order that money be paid into court so defeating the adjudicator's decision. The case is going to CA. View judgment at www.bailli.org.
590 ## - LOCAL NOTE (RLIN)
Local note ABS
650 ## - SUBJECT ADDED ENTRY--TOPICAL TERM
Topical term or geographic name entry element BALDWINS INDUSTRIAL SERVICES PLC V BARR LTD
650 ## - SUBJECT ADDED ENTRY--TOPICAL TERM
Topical term or geographic name entry element MANAGEMENT-DISPUTE AVOIDANCE, MANAGEMENT AND RESOLUTION-DISPUTE MANAGEMENT AND RESOLUTION-ALTERNATIVE DISPUTE RESOLUTION-ADJUDICATION-ADJUDICATORS
650 ## - SUBJECT ADDED ENTRY--TOPICAL TERM
Topical term or geographic name entry element HOUSING GRANTS, CONSTRUCTION AND REGENERATION ACT 1996
650 ## - SUBJECT ADDED ENTRY--TOPICAL TERM
Topical term or geographic name entry element HOUSING GRANTS, CONSTRUCTION AND REGENERATION ACT 1996 S105
650 ## - SUBJECT ADDED ENTRY--TOPICAL TERM
Topical term or geographic name entry element CONSTRUCTION DISPUTES
650 ## - SUBJECT ADDED ENTRY--TOPICAL TERM
Topical term or geographic name entry element MANAGEMENT-DISPUTE AVOIDANCE, MANAGEMENT AND RESOLUTION-DISPUTE MANAGEMENT AND RESOLUTION-ALTERNATIVE DISPUTE RESOLUTION-ADJUDICATION-ADJUDICATION AWARDS
690 ## - LOCAL SUBJECT ADDED ENTRY--TOPICAL TERM (OCLC, RLIN)
Topical term or geographic name as entry element BUILDING AND CONSTRUCTION-CASE LAW
942 ## - ADDED ENTRY ELEMENTS (KOHA)
Suppress in OPAC 0
Holdings
Withdrawn status Lost status Source of classification or shelving scheme Damaged status Not for loan Home library Current library Shelving location Date acquired Total Checkouts Full call number Barcode Date last seen Copy number Price effective from Koha item type
    Dewey Decimal Classification     London London Journal article 05/02/2003   ABS66319 121245-1001 06/08/2019 1 06/08/2019 Journal article